| 000 | 00589nam a2200241 a 4500 | ||
|---|---|---|---|
| 001 | nice12345678 | ||
| 003 | IN_TiNIC | ||
| 005 | 20260116011742.0 | ||
| 008 | 050524s1967 hyda grp 000 0 urd | ||
| 020 |
_a _c100 |
||
| 082 | 0 | 0 |
_a297.24 _bMAU |
| 100 | _aMaudoodi, Abul Aala | ||
| 245 | _aKhatm-E-Nabuwwat | ||
| 260 |
_aHyderabad _bMarkazi Anjuman Taleemus Salat _c1967 |
||
| 300 | _a63p | ||
| 500 | _aincludes index and biblioraphy | ||
| 505 | 2 | _aarchives | |
| 650 | _aIslam-Prophecy | ||
| 700 | 1 | _aMaudoodi, Abul Aala | |
| 902 | _bSRS | ||
| 942 | _cBK | ||
| 999 |
_c3710 _d3710 |
||